|
|
|
|
| LEADER |
01034nam a2200253 a 4500 |
| 001 |
3471646 |
| 008 |
100516r19932002vaua b 000 0 eng d |
| 010 |
|
|
|a 93060126
|
| 020 |
|
|
|a 0939791463
|
| 040 |
|
|
|a DLC
|c DLC
|d BD-DhAAL
|
| 082 |
0 |
0 |
|a 428/.007
|2 20
|
| 245 |
0 |
0 |
|a New ways in teacher education /
|c Donald Freeman with Steve Cornwell, editors.
|
| 260 |
|
|
|a Alexandria, Va. :
|b Teachers of English to Speakers of Other Languages,
|c c1993.[2nd printing 2002]
|
| 300 |
|
|
|a xxvii, 206 p. :
|b ill. ;
|c 21 cm.
|
| 490 |
0 |
|
|a New ways in TESOL series
|
| 504 |
|
|
|a Includes bibliographical references.
|
| 541 |
1 |
|
|e 00020254
|
| 650 |
|
0 |
|a English language
|x Study and teaching
|x Foreign speakers.
|
| 650 |
|
0 |
|a English teachers
|x Training of.
|
| 700 |
1 |
|
|a Freeman, Donald.
|
| 700 |
1 |
|
|a Cornwell, Steve.
|
| 852 |
4 |
|
|a Ayesha Abed Library
|j General shelf
|
| 999 |
|
|
|c 8594
|d 8594
|
| 952 |
|
|
|0 0
|1 0
|2 ddc
|4 0
|6 428_007000000000000_NEW_2002
|7 0
|9 10244
|a BRACUL
|b BRACUL
|c GEN
|d 2010-05-17
|l 4
|m 44
|o 428.007 NEW
|p 3010020254
|r 2020-03-05
|s 2020-02-10
|t 1
|w 2010-05-17
|y BK
|